| 000 | 00562cam a22002052a 4500 | ||
|---|---|---|---|
| 001 | 024846 | ||
| 003 | AR-FADEU | ||
| 008 | 311216n1987####xxu####################dd | ||
| 020 | _a84-206-2493-4 | ||
| 092 |
_a940.1 _bB111 _eBDT |
||
| 100 | _aBajtin, Mijail | ||
| 245 | _aLa cultura popular en la edad media y en el renacimiento | ||
| 260 | _aMadrid | ||
| 260 | _bAlianza | ||
| 260 | _c1987 | ||
| 300 | _a430 p | ||
| 440 |
_aAlianza, universidad _n493 |
||
| 650 | _aCULTURA POPULAR-HISTORIA; EDAD MEDIA-CULTURA; RENACIMIENTO-CULTURA/BDT/ | ||
| 942 | _cBDT | ||
| 999 |
_c30533 _d30533 |
||